A new approach to ethics and culture for modern society (Record no. 15282)
[ view plain ]
| 000 -LEADER | |
|---|---|
| fixed length control field | nam a22 7a 4500 |
| 005 - DATE AND TIME OF LATEST TRANSACTION | |
| control field | 20200707112228.0 |
| 008 - FIXED-LENGTH DATA ELEMENTS--GENERAL INFORMATION | |
| fixed length control field | 200707b xxu||||| |||| 00| 0 eng d |
| 040 ## - CATALOGING SOURCE | |
| Transcribing agency | TJNN |
| 050 ## - LIBRARY OF CONGRESS CALL NUMBER | |
| Classification number | BJ23.9D7 |
| 100 ## - MAIN ENTRY--PERSONAL NAME | |
| Personal name | Dr Agustine Deke |
| 245 ## - TITLE STATEMENT | |
| Title | A new approach to ethics and culture for modern society |
| 260 ## - PUBLICATION, DISTRIBUTION, ETC. | |
| Place of publication, distribution, etc. | Gweru |
| Name of publisher, distributor, etc. | Media concepts |
| Date of publication, distribution, etc. | 2014 |
| 300 ## - PHYSICAL DESCRIPTION | |
| Extent | 278,p. |
| 942 ## - ADDED ENTRY ELEMENTS (KOHA) | |
| Source of classification or shelving scheme | |
| Koha item type | OS Book |
| Classification part | BJ23.9.D7 |
| Withdrawn status | Lost status | Source of classification or shelving scheme | Damaged status | Not for loan | Home library | Current library | Shelving location | Date acquired | Source of acquisition | Cost, normal purchase price | Inventory number | Total Checkouts | Full call number | Barcode | Date last seen | Copy number | Cost, replacement price | Price effective from | Koha item type |
|---|---|---|---|---|---|---|---|---|---|---|---|---|---|---|---|---|---|---|---|
| CUZ Harare Campus | CUZ Harare Campus | Open Shelf | 07.07.2020 | Donation | 15.00 | CU14060 | BJ23.9.D7 | BK008733 | 22.05.2025 | 1 | 15.00 | 10.03.2020 | OS Book | ||||||
| CUZ Harare Campus | CUZ Harare Campus | Open Shelf | 07.07.2020 | Donation | 10.00 | CU14064 | BJ23.9.D7 | BK008650 | 22.05.2025 | 2 | 10.00 | 10.03.2020 | OS Book |